Základné etické požiadavky v audítorskej profesii a možnosti ich uplatňovania v praxi diplomová práca

Guardado en:
Detalles Bibliográficos
Autor principal: Morávková, Lucia
Autor Corporativo: Fakulta hospodárskej informatiky EU. Katedra účtovníctva a audítorstva
Otros Autores: Krišková, Petra, 1981-
Formato: Libro
Lenguaje:eslovaco
Publicado: Bratislava 2012
Etiquetas: Agregar Etiqueta
Sin Etiquetas, Sea el primero en etiquetar este registro!

MARC

LEADER 00000nbm a2200000 4500
001 0154718
005 20161109102139.9
041 0 |a slo 
044 |a SK 
245 1 0 |a Základné etické požiadavky v audítorskej profesii a možnosti ich uplatňovania v praxi  |b diplomová práca  |c Lucia Morávková ; školiteľ: Petra Krišková 
264 1 |a Bratislava  |c 2012 
300 |a 66 s. 
100 1 |a Morávková, Lucia 
700 1 |a Krišková, Petra, 1981- 
710 2 |a Fakulta hospodárskej informatiky EU. Katedra účtovníctva a audítorstva